00381nam a2200121 a 45000010005000000030005000050050017000100080041000270400026000681000017000942450115001112600033002262903CDMR20130116135237.0130130s2004||||||||||||||||||||||||||||d aCDMRbcatcCPC GIRONA1 aGinzo, Juana10aMis días de radiobLa España de los 50 a través de las ondascGinzo, Juana , Rodríguez Olivares, Luis c2004bEdiciones Temas de Hoy